La corte internacional de justicia

Uloženo v:
Podrobná bibliografie
Korporativní autor: Corte internacional de justicia (Autor)
Médium: Kniha
Jazyk:španělština
Vydáno: La Haya CIJ 1976
Témata:
Tagy: Přidat tag
Žádné tagy, Buďte první, kdo vytvoří štítek k tomuto záznamu!

MARC

LEADER 00000nam a2200000 a 4500
001 UCT9493
003 CL-VaPUC
008 970404e19760000NE |||||||||||||||||spa|d
082 0 4 |a 341.552  |b COR  |2 21 
110 2 |a Corte internacional de justicia  |e author  |9 382244 
245 1 3 |a La corte internacional de justicia 
300 |a 144 p 
942 |c BK 
945 |d 19970404 00:00:00  |a lriquelm 
260 |a La Haya  |b CIJ  |c 1976 
650 0 |a Corte internacional de justicia   |9 256554 
650 7 |a ESTATUTO  |2 CL-VaPUC  |9 382245 
650 0 |a Derecho internacional  |9 255637 
650 0 |a Jurisprudencia  |9 255952 
583 |a last modification  |c 19970404 00:00:00  |k Rodrigo Vera 
999 |c 257893  |d 257891 
952 |0 0  |1 0  |4 0  |6 341_552000000000000_COR_1976  |7 0  |8 A  |9 281603  |a BIBDER  |b BIBDER  |d 2019-11-19  |i 1822314  |o 341.552 COR 1976  |p 1822314  |r 2023-01-25  |w 2019-11-19  |y BK  |k DER